Uchchatar madhyamik samajtatta parichay (dittio borkhor babe) (Record no. 8512)

MARC details
000 -LEADER
fixed length control field 00616cam a2200217ua 4500
005 - DATE AND TIME OF LATEST TRANSACTION
control field 20210130114524.0
008 - FIXED-LENGTH DATA ELEMENTS--GENERAL INFORMATION
fixed length control field 150922n ii |||gr||||Z||||||asm
020 ## - INTERNATIONAL STANDARD BOOK NUMBER
International Standard Book Number 8176800104
040 ## - CATALOGING SOURCE
Transcribing agency MAIN
Original cataloging agency IN-DiNC
041 ## - LANGUAGE CODE
Language code of sung or spoken text Assamese
082 ## - DEWEY DECIMAL CLASSIFICATION NUMBER
Classification number 301
Item number DOL
100 ## - MAIN ENTRY--PERSONAL NAME
Personal name Doley, Durgeswar,
Relator term Author
245 1# - TITLE STATEMENT
Title Uchchatar madhyamik samajtatta parichay (dittio borkhor babe)
Statement of responsibility, etc. by Durgeswar Doley
250 ## - EDITION STATEMENT
Edition statement 10th ed.
260 ## - PUBLICATION, DISTRIBUTION, ETC.
Place of publication, distribution, etc. Dibrugarh:
Name of publisher, distributor, etc. Tushar publishing house,
Date of publication, distribution, etc. 2008.
300 ## - PHYSICAL DESCRIPTION
Extent 8.13p.
650 ## - SUBJECT ADDED ENTRY--TOPICAL TERM
Topical term or geographic name entry element Sociology
650 ## - SUBJECT ADDED ENTRY--TOPICAL TERM
Topical term or geographic name entry element Sociology for HS 2nd year
942 ## - ADDED ENTRY ELEMENTS (KOHA)
Koha item type Books
Source of classification or shelving scheme Dewey Decimal Classification
653 ## - INDEX TERM--UNCONTROLLED
Uncontrolled term Sociology & anthropology
Holdings
Withdrawn status Lost status Damaged status Not for loan Home library Current library Date acquired Total Checkouts Full call number Barcode Date last seen Date last checked out Copy number Price effective from Koha item type Source of classification or shelving scheme Collection code Shelving location Cost, normal purchase price
        Central Library, Naharkatiya College Central Library, Naharkatiya College 19/09/2020 11 301 | DOL 18992 19/05/2025 13/05/2025 1 19/09/2020 Books        
        Central Library, Naharkatiya College Central Library, Naharkatiya College 19/09/2020 7 301 | DOL 18994 17/11/2022 28/10/2022 2 19/09/2020 Books        
        Central Library, Naharkatiya College Central Library, Naharkatiya College 30/01/2021 2 301 DOL 18612 11/11/2022 28/10/2022 3 30/01/2021 Books Dewey Decimal Classification Sociology General Stacks 100.00

Naharkatiya College © 2020. All rights reserved.

Powered By